Pays fusionnés n°7 - Statistiques

Statistiques générales
  • Ce quiz a été pris 245 fois
  • Le résultat moyen est 16 sur 20
Réponses sur la Carte
Les réponses sont colorées sur une échelle allant du rouge au vert en fonction du pourcentage des utilisateurs qui les ont devinées à leur premier essai. Vous pouvez retrouver ces pourcentages ci-dessous.
 
Statistiques - réponses
Pays fusionnés % Correct
France
99%
Espagne
95%
Canada
94%
Égypte
93%
États-Unis
93%
Libye
91%
Chili
88%
Argentine
86%
Pologne
85%
Iran
83%
Irak
81%
Biélorussie
80%
Angola
76%
Zambie
73%
Colombie
68%
Équateur
68%
Inde
65%
Népal
62%
Laos
60%
Viêt Nam
58%
Aucun quiz correspondant
Distribution des résultats
% des personnes avec chaque résultat
Percentile par nombre de réponses
Votre historique - résultats
Vous n’avez pas pris ce quiz